000 00710nam a2200253Ia 4500
003 OSt
005 20221006142401.0
006 a|||||r|||| 00| 0
007 ta
008 221006b |||||||| |||| 00| 0 eng d
020 _cY540
024 _a6,237
037 _bGift, Japan Foundation
_cTextual
040 _aEASL
_cEASL
_beng
041 _2eng
_aeng
082 _aO42,3M99x, p1L1
100 _aKAWABATA Yasunari
_929810
245 0 _aJapan the beautiful and myself
260 _aTokyo
_bKodansha International
_c1971
300 _a74p.
_ccm.
490 _v JEL
942 _hO42,3M99x, p1L1
_cTEXL
_2CC
999 _c1074323
_d1074323